000 00938nam a22002537a 4500
003 BD-DhSAU
005 20170809161716.0
008 161006b2015 bg ad||| |||| 00| 0 eng d
040 _aBD-DhSAU
082 _222
_a630
_bK118
100 _aKaes, Imrul
_4REGISTRATION NO.: 14-06328
245 _aEvaluation of herbicidal efficacy and residual activity on direct seeded boro rice / Ms Thesis
_cImrul Kaes
260 _aDhaka :
_bSher- e- Bangla Agricultural University ,Department of Agronomy
_c2015
300 _axiii , 105 p. :
_bill. ;
_c30 cm.
590 _aKamim
650 _aAgriculture
650 _aAgronomy
650 _aEvaluation of herbicidal efficacy
650 _aResidual activity on direct seeded boro rice
700 _aBaque, Md. Abdullahil
_4Supervisor
700 _aRoy, Tuhin Suvra
_4Co-Supervisor
856 _uhttp://archive.saulibrary.edu.bd:8080/handle/123456789/1006
_yOnline Access
942 _2ddc
_cTHESIS
999 _c13567
_d13566